| 000 | 01061nam a22002417a 4500 | ||
|---|---|---|---|
| 005 | 20240305165414.0 | ||
| 007 | cr|||| |||| | ||
| 008 | 130708s2013 mx |||||s|||| 00| 0 spa d | ||
| 035 | _a11341 | ||
| 040 | _avLex | ||
| 090 |
_c4383 _d4383 |
||
| 100 | 1 | _aBornacini Hervella, Honoré A. | |
| 245 | 1 | 0 |
_aGuía integral de nóminas 2013. Régimen Fiscal _h[Recurso electrónico] / _cHonoré A. Bornacini Hervella |
| 256 | _aServicio en línea | ||
| 260 |
_aMéxico D.F: _bMéxico Fiscal, _c2013 |
||
| 300 | _a1 recurso electrónico | ||
| 506 | 1 |
_aContenido solo disponible en los productos indicados _dvLex Global _dvLex Global (Academic Edition, excluding Law Schools) _dvLex Global (U.S. Academic Edition, Law Schools) _dvLex Global (U.S. Academic Edition, excluding Law Schools) _dvLex Global (Academic Edition, Law Schools) |
|
| 650 | 0 | 4 |
_aDerecho fiscal _zMéxico |
| 650 | 0 | 4 |
_aNominas _zMéxico |
| 740 | 0 | _avLex Libros (Servicio en línea) | |
| 856 | 4 | 0 | _uhttps://app.vlex.com/#/sources/guia-integral-nominas-2013-regimen-fiscal-11341 |
| 942 | _cRAA | ||
| 999 |
_c162748 _d162748 |
||